00159nam a2200085Ia 4500100000900000654000800009245003500017260000900052546001200061 a#N/A aSQL aProgramming Language of Oracle b#N/A aENGLISH